00606nam a22001697a 4500008004100000040001800041041000800059100002200067245009400089260005500183300002300238504004100261650002700302650001500329651004700344651004500391130821s1969 xxu gr eng  aCo-BoUCMbspa00aeng1 aGlade, William P.14aThe Latin American economies a study of their institutional evolutioncWilliam P. Glade. aNueva York (Estados Unidos)bAmerican Bookc[1969] axiv, 665 páginas aIncluye referencias biliográficas.04aComercio internacional04aEconomía 0aAmérica LatinaxCondiciones económicas 0aAmérica LatinaxPolítica económica